| 000 | nam a22 7a 4500 | ||
|---|---|---|---|
| 999 |
_c336567 _d336567 |
||
| 003 | IT-MiCISF | ||
| 005 | 20170403170052.0 | ||
| 008 | 170403b xxu||||| |||| 00| 0 eng d | ||
| 040 | _cIT-MiCISF | ||
| 041 | _ait | ||
| 100 |
_aMuraro Luisa _956340 |
||
| 245 |
_aL'anima del corpo _bContro l'utero in affitto |
||
| 260 |
_aBrescia _bEditrice La scuola _c2016 |
||
| 300 | _app. 86 | ||
| 500 | _adonna, maternità, etica, madre-in-affitto | ||
| 520 | _aUn'analisi del tema dell' "utero in affitto", considerato come la forma più attuale di sfruttamento del corpo delle donne. L’ A., reagendo all'enorme pressione sulle "madri surrogate" e alla richiesta di legalizzazione di pratiche che negano il livello etico e la dignità della donna, ripensa il rapporto della donna con il proprio corpo - alla luce di un neoliberismo culturale che ne predica la totale disponibilità - ed esalta l'unicità della relazione madre-creatura che va formandosi. Un testo per capire il dibattito che sta investendo la politica, il diritto, l'etica e la famiglia e per riflettere su un tema che riguarda tutti. | ||
| 650 |
_adonna _956116 |
||
| 654 | _asaggio | ||
| 942 |
_2ddc _cBK |
||